00873nam a22001937a 4500003000800000005001700008008004100025040002100066082001600087110001900103245011500122260004000237300002600277504017200303650003300475942001200508999001900520952014000539BD-DhUL20180402110809.0180402b xxu||||| |||| 00| 0 eng d aBD-DhULcBD-DhUL a345.01bUNR2 aUnited Nations10aReport of the preparatory committee on the establishment of an international criminal court / cUnited Nations aNew York : bUnited Nations, c1996 av. :b ill. ; c28 cm aContents: v. 2. Compilation of proposals. "General assembly, official records : fifty-first session, supplement no. 22A (A/51/22)" Includes bibliographical references 0aInternational criminal court 2ddccBK c239925d239925 00102ddc406345_010000000000000_UNR718NFIC9364359aDULbDULcUNCd2018-04-02eGifto345.01 UNRpD20426r2018-04-02w2018-04-02yBK